| 000 | 00931cab a22002175a 4500 | ||
|---|---|---|---|
| 001 | L150353 | ||
| 008 | 100702e20100626xxk 000 0 eng d | ||
| 035 | _a(Sirsi) u150353 | ||
| 041 | 0 | _aeng | |
| 100 | 1 | _aJohn, Edward | |
| 245 | 0 | 0 | _aDon't get caught by changes |
| 260 | _c2010 | ||
| 490 |
_aEstates Gazette _v(1025) 26 June 2010, 100(1) |
||
| 520 | _aLand agreements will not be exempt from the Competition Act 1998 Chapter 1 with effect from April 2011. If the benefits gained from an agreement outweigh its anti-competitive effects, it may benefit from automatic exemption. Planning conditions and s106 agreements are exempt. | ||
| 590 | _aKA | ||
| 650 | 2 | 4 | _aCOMPETITION ACT 1998 |
| 650 | 2 | 4 | _aCOMPETITION ACT 1998 (LAND AGREEMENTS COMPETITION AND REVOCATION) ORDER 2004 |
| 651 | 4 |
_aUnited Kingdom _y |
|
| 690 | _aPROPERTY-RURAL AND NATURAL ASSETS-RURAL AND NATURAL ASSETS MANAGEMENT-LAND MANAGEMENT | ||
| 942 | _n0 | ||
| 999 |
_c82472 _d82472 |
||